000 00350 a2200169 4500
001 183991
020 _a85-08-01900-9
040 _cMagnum
100 _aDupré, Maria José
240 1 0 _aA mina de ouro
_lpor
245 1 0 _aA mina de ouro
300 _a112
362 0 _a1995
440 1 _aÁtica
697 _aLITERATURA JUVENIL
942 _cBK
999 _c183991
_d183991